41th board of S.V. Marie Curie Quiz Stats

 Plays Quiz not verified by Sporcle

Challenge
Share
Tweet
Embed
Score 0/7 Timer 01:00
0 Plays Today
Function Name % Correct
PresidentErik Abegg
100%
TreasurerMariëlle Meijer
87.5%
Vice-PresidentWouter Houthoff
87.5%
Commissary of External RelationsRoel Peeters
81.3%
SecretaryMelissa van Beekveld
75%
Head of MediaDouwe Huitema
75%
Head of ActivitiesTim van der Kruk
75%

You're not logged in!

Compare scores with friends on all Sporcle quizzes.
Join for Free
OR
Log In

You Might Also Like...

Show Comments

Extras

Created Jun 22, 2012SourceReportNominate
Tags:function, marie

Top Quizzes Today


Score Distribution

Your Account Isn't Verified!

In order to create a playlist on Sporcle, you need to verify the email address you used during registration. Go to your Sporcle Settings to finish the process.

Report this User

Report this user for behavior that violates our Community Guidelines.

Details: